000 00372nam a22001577a 4500
003 MPLRDC
005 20220104123831.0
008 210129b ||||| |||| 00| 0 eng d
082 _a030.89 WF
100 _a文峰编著
245 _a国学基本问答八百条
_c
260 _a
_b香港商务印书馆
_c1962
300 _b
650 _a
942 _cBK
_o030.89 WF
999 _c14561
_d14551